| 000 | 00619nam a2200181Ia 4500 | ||
|---|---|---|---|
| 008 | 100920s9999 xx 000 0 und d | ||
| 082 |
_b43785 _a520 थ 79 |
||
| 100 | _aवैदय ब.ल. | ||
| 245 | _aआरोग्यासाठी योगासने. | ||
| 260 |
_bमॅजेस्टिक प्रकाशन, मुंबई. _c1979 |
||
| 300 |
_a123 _bसाधी |
||
| 365 | _b10 | ||
| 520 | _aशाअ. | ||
| 630 | _aआरोग्यासाठी योगासने. | ||
| 650 | _aशाअ. | ||
| 730 | _aआरोग्यासाठी योगासने. | ||
| 942 | _cBOOK | ||
| 999 |
_c693042 _d693039 |
||